Estudio de control de malezas específicas, regiones IV a X

Bewaard in:
Bibliografische gegevens
Coauteurs: Fundación Fondo de Investigación Agropecuaria (Auteur), FIA (Auteur), Instituto de Investigaciones Agropecuarias (Auteur), INIA (Auteur)
Formaat: Boek
Taal:Spaans
Gepubliceerd in: Santiago INIA 1990
Onderwerpen:
Tags: Voeg label toe
Geen labels, Wees de eerste die dit record labelt!

MARC

LEADER 00000nam a2200000 a 4500
001 UCM7893
003 CL-VaPUC
008 030110e19900000CL |||||||||||||||||spa|d
082 0 4 |a 632.5  |b FUN  |2 21 
110 2 |a Fundación Fondo de Investigación Agropecuaria  |e author  |9 473648 
710 2 |a FIA  |e author  |9 473649 
710 2 |a Instituto de Investigaciones Agropecuarias  |e author  |9 473650 
710 2 |a INIA  |e author  |9 473651 
245 1 0 |a Estudio de control de malezas específicas, regiones IV a X 
300 |a 27 h 
942 |c BK 
945 |d 20030110 00:00:00  |a lriquelm 
260 |a Santiago  |b INIA  |c 1990 
650 7 |a CONTROL DE MALEZAS - INVESTIGACIONES  |2 CL-VaPUC  |9 473652 
650 7 |a CONTROL DE MALEZAS - ANALISIS DE COSTOS  |2 CL-VaPUC  |9 473653 
650 7 |a CONTROL DE MALEZAS - ANALISIS ECONOMICO  |2 CL-VaPUC  |9 473654 
651 7 |a CHILE  |2 CL-VaPUC  |9 473655 
583 |a last modification  |c 20030110 00:00:00  |k Rodrigo Vera 
999 |c 302541  |d 302539 
952 |0 0  |1 1  |2 ddc  |4 0  |6 632_500000000000000_FUN_1990  |7 0  |8 A  |9 363185  |a BIBAGR  |b BIBAGR  |d 2019-11-21  |i 3401782  |o 632.5 FUN 1990  |p 3401782  |r 2019-11-21  |w 2019-11-21  |y BK  |k AGR